Statistics for Fastest Growing Landlocked U.S. States

Click here to take the quiz!

General Stats

  • This quiz has been taken 65 times
  • The average score is 9 of 10

Answer Stats

% Growth (2010-2020)U.S. State% Correct
15.0Nevada
100%
14.8Colorado
96%
17.3Idaho
96%
11.9Arizona
93%
18.4Utah
93%
8.9Tennessee
91%
9.6Montana
89%
8.9South Dakota
84%
15.8North Dakota
80%
7.6Minnesota
66%

Score Distribution

Percentile by Number Answered

Percent of People with Each Score

Your Score History

You have not taken this quiz